| 000 | 01919cam a2200397 4500 | ||
|---|---|---|---|
| 001 | 26056 | ||
| 003 | BD-RjUL | ||
| 005 | 20211209050951.0 | ||
| 008 | 140320s1995 nyuqr0p b i0 a0eng d | ||
| 030 | _aDISAEF | ||
| 035 | _a(OCoLC)04837784 | ||
| 035 |
_a(OCoLC)04868504 _a(BD-RjUL)26126 |
||
| 040 |
_aIAD _cIAD _dCOO _dDLC _dOCL _dNST _dAIP _dHUL _dNSD _dNST _dNSD _dHUL _dNSD _dNST _dNYG _dCAS _dNSD _dEYM _dMYG _dIUL _dUMC _dMYG _dBD-RjUL _beng |
||
| 041 | _aeng | ||
| 082 | 0 | 0 |
_a327.17405 _bUND 1995 |
| 110 | 2 |
_aUnited Nations. _980060 |
|
| 245 | 0 | 0 |
_aDisarmament : _cby the United Nations. _bA perodic review / |
| 260 |
_aNew York : _bUnited Nations, _c1995. |
||
| 300 |
_a91 p. ; _c22 cm. |
||
| 510 | 2 |
_aPAIS bulletin _x0898-2201 _b1986- |
|
| 510 | 2 |
_aPublic Affairs Information Service bulletin _x0033-3409 _b-1985 |
|
| 550 | _aIssued by: United Nations Centre for Disarmament, v. 1, no. 1, May 1978-v. 5, no. 2, Nov. 1982; United Nations. Dept. for Disarmament Affairs, v. 6, no. 1, spring 1983-v. 15, no. 1, 1992; United Nations. Office for Disarmament Affairs, v. 15, no. 2, 1992-<v. 16, no. 1, 1993>; United Nations. Centre for Disarmament Affairs, <v. 17, no. 1, 1994-> | ||
| 650 | 0 |
_aDisarmament _vPeriodicals. _980049 |
|
| 650 | 0 |
_aNuclear disarmament _vPeriodicals. _980050 |
|
| 710 | 2 |
_aUnited Nations Centre for Disarmament. _980051 |
|
| 710 | 2 |
_aUnited Nations. _bDepartment for Disarmament Affairs. _974925 |
|
| 710 | 2 |
_aUnited Nations. _bOffice for Disarmament Affairs. _980052 |
|
| 710 | 2 |
_aUnited Nations. _bCentre for Disarmament Affairs. _980053 |
|
| 942 |
_2ddc _cBK |
||
| 999 |
_c26056 _d26056 |
||